| 000 -ლიდერი |
| ფიქსირებული სიგრძის საკონტროლო ველი |
01554nam a22002417a 4500 |
| 003 - საკონტროლო ნომრის იდენტიფიკატორი |
| საკონტროლო ველი |
Ge_BSU |
| 005 - ბოლო ოპერაციის თარიღი და დრო |
| საკონტროლო ველი |
20190421020011.0 |
| 008 - ფიქსირებული სიგრძის მონაცემთა ელემენტები - ზოგადი ინფორმაცია |
| ფიქსირებული სიგრძის საკონტროლო ველი |
190415s1983 ge ||||| |||| 00| 0 geo d |
| 041 ## - ენის კოდი |
| Language code of text/sound track or separate title |
geo |
| 080 ## - უნივერსალური ათობითი კლასიფიკაციის ინდექსი |
| Universal Decimal Classification number |
930(479.22) + 94(479.22) ჯ-14 |
| 100 ## - მთავარი ჩანაწერი - პიროვნების სახელი |
| Personal name |
ჯავახიშვილი, ივანე |
| 9 (RLIN) |
178 |
| 245 ## - ცნობა სათაურის შესახებ |
| Title |
თხზულებანი თორმეტ ტომად : |
| Remainder of title |
ტ. 2 / |
| Statement of responsibility, etc |
ივ. ჯავახიშვილი ; მთ.რედ. დ. ჩხიკვიშვილი, ტომის რედ. ვ. გაბაშვილი ; საქ. სსრ მეცნ. აკად. , თბილ. სახელმწ. უნივერსიტეტი. |
| 264 ## - წარმოების, გამოცემის, დისტრიბუციის და სხვა ცნობები |
| გამოცემის, წარმოების, დისტრიბუციის... ადგილი |
თბილისი : |
| გამოცემის, წარმოების, დისტრიბუციის... სახელწოდება |
მეცნიერება, |
| გამოცემის, წარმოების, დისტრიბუციის... თარიღი |
1983. |
| 300 ## - ფიზიკური აღწერა |
| Extent |
485 გვ. : |
| Other physical details |
ილ. : პორტრეტი; |
| Dimensions |
25 სმ. |
| 504 ## - BIBLIOGRAPHY, ETC. NOTE |
| Bibliography, etc |
ბიბლიოგრ.: ტექსტის შენიშვნებში. |
| 653 ## - INDEX TERM--UNCONTROLLED |
| Uncontrolled term |
ქართული ისტორიოგრაფია |
| 653 ## - INDEX TERM--UNCONTROLLED |
| Uncontrolled term |
საქართველოს ისტორია |
| 700 ## - ADDED ENTRY--PERSONAL NAME |
| Personal name |
ჩხიკვიშვილი, დ. |
| Relator term |
მთ. რედაქტორი |
| 9 (RLIN) |
179 |
| 700 ## - ADDED ENTRY--PERSONAL NAME |
| Personal name |
გაბაშვილი,ვ. |
| Relator term |
ტომის რედაქტორი |
| 9 (RLIN) |
180 |
| 710 ## - ADDED ENTRY--CORPORATE NAME |
| Corporate name or jurisdiction name as entry element |
საქართველოს სსრ მეცნიერებათა აკადემია |
| 9 (RLIN) |
181 |
| 710 ## - ADDED ENTRY--CORPORATE NAME |
| Corporate name or jurisdiction name as entry element |
თბილისის სახელმწიფო უნივერსიტეტი |
| 9 (RLIN) |
182 |
| 942 ## - ADDED ENTRY ELEMENTS (KOHA) |
| Source of classification or shelving scheme |
|
| Koha item type |
წიგნი |